000 00657nam a2200193Ia 4500
008 240729s9999 xx 000 0 und d
022 _a2345-752X
245 0 _aChinese Journal of Urban and Environmental Studies
260 _aSingapore
260 _bWorld Scientific Publishing Co. Pte Ltd.
650 _a Communities. Classes. Races
650 _a Environmental sciences
650 _a Urban groups. The city. Urban sociology
650 _a Urbanization. City and country | Geography. Anthropology. Recreation
650 _aSocial Sciences
856 _uhttps://doaj.org/toc/8f7551cccdf840bfbc7f241135d5eff5
942 _2ddc
942 _cDOAJEJ
999 _c72596
_d72596
945 _a1
_bMadushi Gamage
_c1
_dMadushi Gamage